Представление документа в формате MARC21

Поле Инд. ПП Название Значение
Тип записи a
Библиографический уровень m
001 Контрольный номер DU/621432254
005 Дата корректировки 20251219145936.8
020 a ISBN 978-5-238-02382-3
084 a Индекс другой классификации/Индекс ББК 16.33; 32.81; 16.2
090 a Полочн. индекс 16.33 испр.
x Авторский знак И 741
245 10 a Заглавие Информационные системы и технологии
c Ответственность под редакцией Ю. Ф. Тельнова; Московский государственный университет экономики, статистики и информатики (МЭСИ); Институт компьютерных технологий
260 a Место издания Москва
b Издательство ЮНИТИ-ДАНА
c Дата издания 2019
300 a Объем 303 с.
336 a Термин вида содержания Текст
337 a Термин типа средства непосредственный
440 _0 a Серия Научные школы
541 1_ a Номер заявки 8251
b Заявитель Лисицына
c Факультет/Кафедра/Подразделение Кафедра системного анализа и управления
d Дата заявки 20.02.2019
f Дисциплина Информационные системы и технологии
h Уровень подготовки Бакалавриат
n Количество экземпляров 5
650 04 a Основная рубрика информатика
a Основная рубрика информационные системы
a Основная рубрика информационные технологии
653 0_ a Ключевые слова банковские информационные системы
a Ключевые слова бизнес-процессы
a Ключевые слова бухгалтерские информационные системы
a Ключевые слова информационная инфраструктура
a Ключевые слова информационное пространство
a Ключевые слова информационные системы
a Ключевые слова информационные системы управления
a Ключевые слова корпоративные информационные системы (КИС)
a Ключевые слова математическое обеспечение
a Ключевые слова налоговые информационные системы
a Ключевые слова предметно-ориентированные информационные системы
a Ключевые слова представление данных
a Ключевые слова программное обеспечение
a Ключевые слова проектирование информационных систем
a Ключевые слова разработка программного обеспечения
a Ключевые слова системы поддержки принятия решений (СППР)
a Ключевые слова системы управления бизнес-процессами (BPM)
a Ключевые слова статистические информационные системы
a Ключевые слова управление информационными ресурсами
700 12 a Автор Тельнов Ю. Ф.
e Роль лиц редактор
787 18 w Контрольный номер связываемой записи RU/IS/BASE/503063661
900 a Имя электронного ресурса obl_Telnov_Inf systemy b tehnologii
x Справочная информация Обложка
901 t Тип документа m
952 a Тип литературы для КСУ ВШ УИ
954 a Гриф 4.73
a Гриф 1.3.2